Articles on Tolstoi / (Record no. 213955)

MARC details
000 -LEADER
fixed length control field 00997nam a2200325 a 4500
001 - CONTROL NUMBER
control field vtls000210221
003 - CONTROL NUMBER IDENTIFIER
control field NLI
005 - DATE AND TIME OF LATEST TRANSACTION
control field 20210602115913.0
008 - FIXED-LENGTH DATA ELEMENTS--GENERAL INFORMATION
fixed length control field 101126s1971 ru 000 0 eng
039 #9 - LEVEL OF BIBLIOGRAPHIC CONTROL AND CODING DETAIL [OBSOLETE]
-- 201011260040
-- VLOAD
040 0# - CATALOGING SOURCE
Original cataloging agency NLI
Language of cataloging eng
Transcribing agency VERGIS-2010
Description conventions AACR2
041 1# - LANGUAGE CODE
Language code of text/sound track or separate title eng
Language code of original rus
044 ## - COUNTRY OF PUBLISHING/PRODUCING ENTITY CODE
MARC country code ru
082 04 - DEWEY DECIMAL CLASSIFICATION NUMBER
Classification number 891.733
100 1# - MAIN ENTRY--PERSONAL NAME
Personal name Lenin, Vladimir Ilich,
Dates associated with a name 1870-1924
9 (RLIN) 179971
240 10 - UNIFORM TITLE
Uniform title Stati o Tolstom .
Language of a work English
245 10 - TITLE STATEMENT
Title Articles on Tolstoi /
Statement of responsibility, etc. V. I. Lenin
260 ## - PUBLICATION, DISTRIBUTION, ETC.
Place of publication, distribution, etc. Moscow :
Name of publisher, distributor, etc. Progress Publishers,
Date of publication, distribution, etc. 1971
300 ## - PHYSICAL DESCRIPTION
Extent 34 p. ;
Dimensions 20 cm.
500 ## - GENERAL NOTE
General note Library has 2. cops.
600 10 - SUBJECT ADDED ENTRY--PERSONAL NAME
Personal name Tolstoy, Leo,
Titles and other words associated with a name Graf,
Dates associated with a name 1828-1910
General subdivision Criticism and interpretation
9 (RLIN) 106320
887 ## - NON-MARC INFORMATION FIELD
Content of non-MARC field
901 ## - LOCAL DATA ELEMENT A, LDA (RLIN)
a G14224
b 15.02.1967
9 c.2
901 ## - LOCAL DATA ELEMENT A, LDA (RLIN)
a G12101
b 24.03.1966
902 ## - LOCAL DATA ELEMENT B, LDB (RLIN)
a E 891.733 L 547
949 ## - LOCAL PROCESSING INFORMATION (OCLC)
-- VIRTUAITEM
-- 10000
-- 100
6 GXX000014224ENG
942 ## - ADDED ENTRY ELEMENTS (KOHA)
Source of classification or shelving scheme Dewey Decimal Classification
Koha item type Books
949 ## - LOCAL PROCESSING INFORMATION (OCLC)
-- VIRTUAITEM
-- 10000
-- 100
6 GXX000012101ENG
991 ## -
-- anita 20.03.2010
Holdings
Withdrawn status Lost status Damaged status Not for loan Collection code Home library Current library Shelving location Date acquired Total Checkouts Full call number Barcode Date last seen Price effective from Koha item type
        New English National Library of India National Library of India New English - Main Stack Division     E 891.733 L 547 GXX000014224ENG 02/06/2021 02/06/2021 Books
        New English National Library of India National Library of India New English - Main Stack Division     E 891.733 L 547 GXX000012101ENG 02/06/2021 02/06/2021 Books
                                                                           
web counter

Copyright ©2020 The National Library of India, Govt. of India ↔ Hosted by NVLI, MOC ↔ Technology and Design by National Library of India, Ministry of Culture, Govt. of India